|
|
|
|
| LEADER |
00000nam a22000007a 4500 |
| 005 |
20150529222928.0 |
| 007 |
cr|||| |||| |
| 008 |
150529s2015 mx |||||s|||| 00||0 spa d |
| 035 |
|
|
|a 12705
|
| 040 |
|
|
|a vLex
|
| 090 |
|
|
|c 5461
|d 5461
|
| 245 |
0 |
0 |
|a Juicio Oral Mercantil
|h [Recurso electrn̤ico] /
|
| 256 |
|
|
|a Servicio en ln̕ea
|
| 260 |
|
|
|a Coyoacǹ:
|b Ral︢ Jur̀ez Carro Editorial,
|c 2015
|
| 300 |
|
|
|a 1 recurso electrn̤ico
|
| 506 |
1 |
|
|a Disponible solo en los productos indicados
|d vLex Global
|d vLex Global (Academic Edition, excluding Law Schools)
|d vLex Global (U.S. Academic Edition, Law Schools)
|d vLex Global (U.S. Academic Edition, excluding Law Schools)
|d vLex Global (Academic Edition, Law Schools)
|
| 650 |
0 |
4 |
|a Derecho Mercantil y de la Empresa
|z Mx̌ico
|
| 740 |
0 |
|
|a vLex Libros (Servicio en ln̕ea)
|
| 856 |
4 |
0 |
|u http://vlex.com/source/juicio-oral-mercantil-12705
|z Acceso restringido
|
| 942 |
|
|
|c BOOK
|
| 999 |
0 |
|
|a Commercial Law and Business
|